Resumen de proyectos: área económica y social, área de educación ciencia y cultura. Documentos de proyectos: área económica y social, área de educación ciencia y cultura
Proyectos presentados por el consejo de planificación y el Ministerio de Educación de Guatemala al programa de cooperación técnica de la O.E.A., el bienio 1978-79, informa sobre la solicitud para los servicios de cooperación técnica en el área económica y social, educación, ciencia y cultura. Contem...
Gardado en:
| Autores Corporativos: | , |
|---|---|
| Formato: | Texto |
| Publicado: |
Guatemala :
|
| Materias: | |
| Etiquetas: |
Engadir etiqueta
Sen Etiquetas, Sexa o primeiro en etiquetar este rexistro!
|
MARC
| LEADER | 00000 a a2200000 04500 | ||
|---|---|---|---|
| 001 | 19709 | ||
| 003 | |||
| 040 | |||
| 090 | |a 079000 | ||
| 110 | |a Guatemala. Consejo Nacional de Planificación Económica. Secretaría General. Sección de Asistencia Ténica | ||
| 245 | |a Resumen de proyectos: área económica y social, área de educación ciencia y cultura. Documentos de proyectos: área económica y social, área de educación ciencia y cultura |a Guatemala. Consejo Nacional de Planificación Económica. Secretaría General. Sección de Asistencia Ténica | ||
| 260 | |a Guatemala : | ||
| 300 | |a s.p.; v. 1 y v. 2 | ||
| 520 | |a Proyectos presentados por el consejo de planificación y el Ministerio de Educación de Guatemala al programa de cooperación técnica de la O.E.A., el bienio 1978-79, informa sobre la solicitud para los servicios de cooperación técnica en el área económica y social, educación, ciencia y cultura. Contempla las prioridades para cada área, las entidades que participan,las unidades ejecutoras y la duración y costos de cada proyecto./ALLV | ||
| 650 | |a ASISTENCIA TECNICA | ||
| 650 | |a PROYECTOS DE DESARROLLO | ||
| 710 | |a Guatemala. Ministerio de Educación. Coordinación de Asuntos Internacionales | ||
| 999 | |c 12159 |d 12159 | ||
